00437nam a2200145 a 4500008004100000020001500041050001400056100002300070245007600093246003400169260003800203350000900241650002500250650001600275120416s1992 ||||||||||||||||| || u a928080815X aK 302 Env aWeiss, Edith Brown10aEnvironmental change and international lawcedited by Edith Weiss Brown anew challenges and dimensions aTokyobThe University Pressc1992 a0.00 aENVIRONMENTAL CHANGE aENVIRONMENT